| 000 | 00624nam a22001937a 4500 | ||
|---|---|---|---|
| 003 | OSt | ||
| 005 | 20250714060602.0 | ||
| 008 | 250714b |||||||| |||| 00| 0 eng d | ||
| 020 | _a 978971237907 | ||
| 040 |
_aDWCL - Main lib _cOC |
||
| 082 | _aFil. 641.03 M242 2016 | ||
| 100 | _aMalcampo, Jeremy C. | ||
| 245 |
_a Philippine international culinary encyclopedia/ _cJeremy C. Malcampo |
||
| 260 |
_aManila, Philippines : _bRex Book Store, _c c2016. |
||
| 300 |
_a xii, 327 pages ; _c 25 cm. |
||
| 504 | _aIncludes bibliographical references. | ||
| 650 | _a1. Cooking--Dictionaries. | ||
| 942 |
_2ddc _cBK - FIL _kFil. _n0 |
||
| 999 |
_c3651 _d3651 |
||